Statistics for Fifa 21 5 Star Skiller

Click here to take the quiz!

General Stats

  • This quiz has been taken 47 times
  • The average score is 32 of 55

Answer Stats

RatingClubNationPlayer% Correct
98IconsBrazilPele
100%
97IconsArgentinaDiego Maradona
97%
92Piemonte CalcioPortugalCristiano Ronaldo
94%
96IconsBrazilRonaldo
94%
91PSGBrazilNeymar
91%
96IconsFranceZinedine Zidane
91%
90PSGFranceKylian Mbappe
88%
94IconsBrazilRonaldinho
79%
87PSGArgentinaAngel Di Maria
76%
85ChelseaMoroccoHakim Ziyech
76%
90IconsNigeriaJay-Jay Okocha
76%
94IconsNetherlandsJohan Cruyff
74%
85Olympique LyonNetherlandsMemphis Depay
74%
86Manchester UnitedFrancePaul Pogba
74%
85LiverpoolSpainThiago Alcantara
74%
94IconsBrazilGarrincha
71%
87Borussia DortmundEnglandJadon Sancho
71%
89Tottenham Hotspur ( FUT Birthday )BrazilLucas Moura
71%
85Manchester CityAlgeriaRiyad Mahrez
71%
83Crystal PalaceIvory CoastWilfried Zaha
71%
85Manchester UnitedEnglandMarcus Rashford
68%
87LiverpoolBrazilRoberto Firmino
68%
84Bayern MunichBrazilDouglas Costa
65%
83ArsenalNorwayMartin Odegaard
65%
89Inter Milan ( FUT Birthday )ChileArturo Vidal
62%
80Real MadridBrazilVinicius Junior
62%
83AC MilanSwedenZlatan Ibrahimovic
62%
88FC Groningen ( Flashback )NetherlandsArjen Robben
59%
90Inter Milan ( FUT Birthday )CroatiaIvan Perisic
59%
83FC BarcelonaFranceOusmane Dembele
59%
80AjaxBrazilDavid Neres
56%
81Atletico MadridPortugalJoao Felix
56%
93IconsItalyRoberto Baggio
56%
80Orlando CityPortugalNani
53%
80Newcastle UnitedFranceAllan Saint-Maximin
50%
81Piemonte CalcioColombiaJuan Cuadrado
50%
83FC BarcelonaBrazilPhilippe Coutinho
50%
92IconsItalyAndrea Pirlo
47%
88Real Madrid ( FUT Birthday )FranceFerland Mendy
47%
88Athletic Bilbao ( FUT Birthday )SpainInaki Williams
47%
81LiverpoolSwitzerlandXherdan Shaqiri
47%
91IconsArgentinaJuan Roman Riquelme
44%
91IconsBrazilKaka
44%
83Real MadridBrazilMarcelo
44%
81FiorentinaFranceFranck Ribery
41%
80AS MonacoPortugalGelson Martins
41%
90Antalyaspor ( FUT Birthday )GermanyLukas Podolski
38%
93IconsFranceEric Cantona
29%
88Bologna ( FUT Birthday )ArgentinaRodrigo Palacio
29%
80Piemonte CalcioItalyFederico Bernardeschi
26%
87Atletico Madrid ( FUT Birthday )SpainMario Hermoso
24%
82AjaxNetherlandsQuincy Promes
21%
86Montpellier HSC ( FUT Birthday )FranceJunior Sambia
15%
81Shakhtar DonetskUkraineMarlos
15%
81Boca JuniorsArgentinaEduardo Salvio
12%

Score Distribution

Percentile by Number Answered

Percent of People with Each Score

Your Score History

You have not taken this quiz